00620nam a2200169 a 450000100100000000500170001000800410002702000180006804000250008608200150011124500760012626000400020230000280024270000500027095201130032099900170043300001314020240306073902.0091120s2004 dr a 000 0 spa d a9788482615653 aDO-SdBNPbspacBNPHU axxxxbC78600aCoquín 3 años /cdirección editorial Obdulia García de Escobar. aSanto Domingo :bSantillana,c2004. a192 p. :bil. ;c21 cm.1 aGarcía Escobar, Obdulia deedir. ed.929220 0010718PDaPDbPDcCTd2009-11-20iLF1l0oxxxx C786p13140-10r2020-06-25w2020-06-25yLFPDZNo se presta c12782d12782